000
00235nam a2200097Ia 4500
008
190216s9999||||xx |||||||||||||| ||und||
100
_a
Damodaran N K
245
0
_a
Malayalam-Thulaseedasa Ramayanam
260
_b
Nbs Kottayam
942
_c
BK
999
_c
30332
_d
30332